000 01001nam0a22002291 4500
001 rc\71599
005 20250620170931.0
035 _a(NLR Aleph) 005344212
090 _a6726404
_c6726404
100 _a20021216d1992 |||y0rusy50 ca
101 0 _arus
102 _aRU
105 _aa |||||||||
200 1 _aЖИДКОСТНАЯ хроматография
_eТехнологии, оборуд., сорбенты, колонки, концентрирующие патроны, метод. обеспечение, сервис. обслуж., консультации и обучение
_eКаталог
_fСовмест. предприятие ВСМ "Био ХимМак"
210 _aМ.
_cБ. и.
_d1992
215 _a27 с.
_cграф.
_d21
712 0 2 _a"БиоХимМак", совместное советско-австрийско-германское предприятие
801 0 _aRU
_bNLR
_gpsbo
801 1 _aRU
_bELAR
_2rusmarc
852 _aNLR
_bПт
_j44/34
942 _cBOOK
980 _aNB